000 01174nam a22003257a 4500
003 CHAP
005 20220329141411.0
008 971013s co r 00010 spa d
010 _a67576
011 _a68548
035 _a78021
040 _cCHAP
082 0 4 _a338.109861
_bF3
110 1 _aFederación Nacional de Cafeteros de Colombia
_939931
245 1 _aBases tecnológicas, costos e ingresos de actividades agropecuarias de diversificación
260 _a[s.l.] :
_bLa Federación,
_c198-
300 _av.
500 _aLa biblioteca tiene: 1988, 1989
590 _aBATCH-UPD
_b10
_c20130110
_lUCH01
_h1633
590 _aBATCH-UPD
_b10
_c20130410
_lUCH01
_h1025
590 _aBATCH-UPD
_b10
_c20130914
_lUCH01
_h0336
590 _aBATCH-UPD
_b10
_c20130914
_lUCH01
_h2134
590 _aCONVERSION
_b10
_c20130109
_lUCH01
_h1337
650 1 4 _aAgricultura
_xAspectos económicos
_xColombia.
_91231
650 1 4 _aAgricultura
_xInnovaciones tecnológicas.
_91565
901 _aBK
942 _cLIBRO
949 _a338.109861 F3
_bBC
_cLIBRO
_d33724000362893
_eLIBRO
_f1988
_h74362
_i78021
_mD
_si
949 _a338.109861 F3
_bBC
_cLIBRO
_d33724000362901
_eLIBRO
_f1989
_h76780
_i78021
_si
999 _c67576
_d67576